Check points (Record no. 76656)

MARC details
000 -LEADER
fixed length control field 01136cab a2200205 4500
001 - CONTROL NUMBER
control field ##L132844
008 - FIXED-LENGTH DATA ELEMENTS--GENERAL INFORMATION
fixed length control field 060314n2006 000 0 eng u
035 ## - SYSTEM CONTROL NUMBER
System control number (Sirsi) u132844
041 0# - LANGUAGE CODE
Language code of text/sound track or separate title eng
100 1# - MAIN ENTRY--PERSONAL NAME
Personal name Sibert, Dave
245 00 - TITLE STATEMENT
Title Check points
260 ## - PUBLICATION, DISTRIBUTION, ETC.
Date of publication, distribution, etc. 2006
490 #0 - SERIES STATEMENT
Series statement Fire Prevention Fire Engineers Journal
Volume/sequential designation 66(266) March 2006, 26-28(3)
520 ## - SUMMARY, ETC.
Summary, etc. Offers a brief guide to the risk assessment process introduced by the Regulatory Reform (Fire Safety) Order 2005, which is due to come into force later this year. The assessment, to be carried out by an employer, occupier and/or owner of premises, consists of identifying the fire risk and the location of people at serious risk in case of fire, evaluating the risk and carrying out any improvements needed, and recording the findings and any action taken. The assessment must also be kept under review. Also outlines the enforcement powers of the fire authority.
590 ## - LOCAL NOTE (RLIN)
Local note IKA140306
650 24 - SUBJECT ADDED ENTRY--TOPICAL TERM
Topical term or geographic name entry element REGULATORY REFORM (FIRE SAFETY) ORDER 2005
690 ## - LOCAL SUBJECT ADDED ENTRY--TOPICAL TERM (OCLC, RLIN)
Topical term or geographic name as entry element MANAGEMENT-HEALTH AND SAFETY-FIRE SAFETY-FIRE RISK ASSESSMENT
700 1# - ADDED ENTRY--PERSONAL NAME
Personal name Cheyne, Neil
942 ## - ADDED ENTRY ELEMENTS (KOHA)
Suppress in OPAC 0
Holdings
Withdrawn status Lost status Source of classification or shelving scheme Damaged status Not for loan Home library Current library Shelving location Date acquired Total Checkouts Full call number Barcode Date last seen Copy number Price effective from Koha item type
    Dewey Decimal Classification     London London Journal article 14/03/2006   L132844 132844-1001 06/08/2019 1 06/08/2019 Journal article